=LDR 00000nam 2200000 4500 =001 INLIS000000001052277 =005 20240822075948 =035 ##$$a 0010-0824000095 =007 ta =008 240822################a##########j###### =020 ##$$a 978-89-6329-588-6 =082 ##$$a 028.55 =084 ##$$a 028.55 CHO w =100 #$$a Choi Gyu-seung =245 1#$$a Wah, ini berat! /$c Choi Gyu-seung; ilustrator, Son Ji-young =260 ##$$a Gyeonggi-do :$b Korea Tolstoi,$c 2008 =300 ##$$a 31 hlm. : $b ilus. ; $c 26 cm =650 #4$$a Bacaan kanak-kanak =700 #$$a Son Ji-young (ilustrator) =990 ##$$a 3202401658 =990 ##$$a 3202401658